Epistemología analógica : (Registro nro. 64079)
[ vista simple ]
| 000 -LÍDER | |
|---|---|
| Campo fijo de descripción fija | 01234nab a2200253 4500 |
| 001 - NÚMERO DE CONTROL | |
| Campo de control | 768714001 |
| 003 - IDENTIFICADOR DEL NÚMERO DE CONTROL | |
| Campo de control | CO-MdFUSB |
| 005 - FECHA Y HORA DE LA ULTIMA TRANSACCIÓN | |
| control field | 20230111171658.0 |
| 008 - ELEMENTOS DE LONGITUD FIJA -- INFORMACIÓN GENERAL | |
| Campo fijo de descripción fija -- Información general | 171012s2016 gt ||||| |||| 00| 0 spa d |
| 022 ## - NÚMERO INTERNACIONAL NORMALIZADO PARA PUBLICACIONES SERIADAS | |
| Número Internacional Normalizado para Publicaciones Seriadas | 1014-9341 |
| 040 ## - FUENTE DE CATALOGACIÓN | |
| Agencia Catalogadora | CO-MdFUSB |
| Idioma de catalogación | spa |
| Agencia que realiza la transcripción | CO-MdFUSB |
| Agencia que realiza la modificación | CO-MdFUSB |
| 041 ## - CÓDIGO DE IDIOMA | |
| Código de idioma para texto/pista de sonido o título separado | spa |
| 100 ## - ASIENTO PRINCIPAL--NOMBRE PERSONAL | |
| Nombre personal | Reyes, George |
| Término relacionador | autor |
| 245 1# - TÍTULO | |
| Título | Epistemología analógica : |
| Subtitulo | hacia una hermenéutica analógica del texto bíblico |
| Mención de responsabilidad | / George Reyes |
| 300 ## - DESCRIPCIÓN FÍSICA | |
| Extensión | Número 58-59 (Enero - Diciembre, 2016), páginas 237-259 |
| Dimensiones | ; 22 cm |
| 520 1# - NOTA DE RESUMEN, ETC. | |
| Nota de sumario, etc. | Una alternativa viable a la interpretación bíblica moderna, que busca un solo significado original en el texto, y a la posmoderna, que admite como válidos muchos significados, es la hermenéutica analógica. Esta hermenéutica, cuyos antecedentes pueden rastrearse en la edad media, permite encontrar varios significados legítimos en el texto pero, a la vez, ayuda a descalificar incluso algunos posibles. |
| 650 #7 - ASIENTO SECUNDARIO DE MATERIA - TERMINO TEMÁTICO | |
| 9 (RLIN) | 418 |
| Término temático o nombre geográfico como elemento de entrada | Hermenéutica |
| 653 ## - TÉRMINO DE INDIZACIÓN - NO CONTROLADO | |
| Término no controlado | Epistemología |
| 653 ## - TÉRMINO DE INDIZACIÓN - NO CONTROLADO | |
| Término no controlado | Hermenéutica analógica |
| 653 ## - TÉRMINO DE INDIZACIÓN - NO CONTROLADO | |
| Término no controlado | Univocismo |
| 653 ## - TÉRMINO DE INDIZACIÓN - NO CONTROLADO | |
| Término no controlado | Equivocismo |
| 773 ## - ASIENTO DE ITEM FUENTE | |
| Biblionumber | 49489 |
| Itemnumber | 76153 |
| Parte(s) relacionada(s) / Volumen., número. (mes año), páginas | Número 58-59 (Enero - Diciembre, 2016), páginas 237-259 |
| Enumeración y primera página | Página 237 |
| Título | Kairós |
| 942 ## - TIPO DE MATERIAL (KOHA) | |
| Tipo de Item KOHA | Artículos de Revista |
No hay ítems disponibles.
